| 000 | 02275nam0a2200373 4500 | ||
|---|---|---|---|
| 001 | RU\NLR\BIBL_A\012923268 | ||
| 005 | 20250624225747.0 | ||
| 010 |
_a978-5-17-147015-9 _95000 |
||
| 021 |
_aRU _b2022-61535 _9КН-П-5324 |
||
| 035 | _a(RuMoRGB)011203895 | ||
| 035 | _a(NLR Aleph) 012923268 | ||
| 090 |
_a12650843 _c12650843 |
||
| 100 | _a20221027d2022 |||y0rusy50 ca | ||
| 101 | 1 |
_arus _cjpn |
|
| 102 | _aRU | ||
| 105 | _aa z 000ay | ||
| 181 | 0 |
_ai _baxxe |
|
| 182 | 0 | _an | |
| 200 | 1 |
_aЗолотой ворон _fТисато Абэ _gперевод с японского Н. Г. Румак |
|
| 203 |
_aТекст _bвизуальный _cнепосредственный |
||
| 210 |
_aМосква _cАСТ _cРеанимедиа _d2022 |
||
| 215 |
_a349, [2] с. _cил. _d21 |
||
| 225 | 1 |
_aЯпонское фэнтези _iЯтагарасу |
|
| 330 | _aВ стране Ямаути неспокойно: окраинные земли подверглись нападению гигантских обезьян-людоедов, а в столице распространяется таинственное снадобье, от которого люди теряют разум. Молодой господин снова призывает на службу своего пажа - ведь на счету каждый человек, а у будущего правителя пока так мало преданных сторонников. Многие говорят, что появление истинного Золотого Ворона всегда связано со страшными бедствиями. Но это не так. Истинный Золотой Ворон появляется в трудные времена именно потому, что обладает силой спасти от них свой народ | ||
| 333 | _a16+ | ||
| 675 |
_a821.521-311.3 _v4 |
||
| 686 | 1 | _aШ6(5Я)67-440.4{Лх2318-45} | |
| 700 | 1 |
_7ca _8rus _aАбэ _bТ. _f1991- _gТисато _9245986 _3RU\NLR\AUTH\770246042 |
|
| 702 | 1 |
_aРумак _bН. Г. _gНаталья Григорьевна _4730 |
|
| 942 | _cBOOK | ||
| 980 | _aNB | ||